BIBLIOTECA

SENCICO

Manual de ArcGIS 9.3 : El Completo Sistema de Información Geográfica (Registro nro. 544)

Detalles MARC
000 -LEADER
fixed length control field 00636nam a2200253Ia 4500
005 - DATE AND TIME OF LATEST TRANSACTION
control field 20251020182441.0
008 - FIXED-LENGTH DATA ELEMENTS--GENERAL INFORMATION
fixed length control field 200515s9999 xx 000 0 und d
020 ## - INTERNATIONAL STANDARD BOOK NUMBER
International Standard Book Number 978-612-4005-04-6
082 ## - DEWEY DECIMAL CLASSIFICATION NUMBER
Classification number 528.767/P23
100 ## - MAIN ENTRY--PERSONAL NAME
Personal name Pantigoso Loza, Henry
245 #0 - TITLE STATEMENT
Title Manual de ArcGIS 9.3 : El Completo Sistema de Información Geográfica
250 ## - EDITION STATEMENT
Edition statement 2a ed.
260 ## - PUBLICATION, DISTRIBUTION, ETC.
Place of publication, distribution, etc. Lima
260 ## - PUBLICATION, DISTRIBUTION, ETC.
Name of publisher, distributor, etc. Megabyte s.a.c.
260 ## - PUBLICATION, DISTRIBUTION, ETC.
Date of publication, distribution, etc. 2009
300 ## - PHYSICAL DESCRIPTION
Extent 399 p.
300 ## - PHYSICAL DESCRIPTION
Other physical details il., tbl., graf.
500 ## - GENERAL NOTE
General note 1 ejemplar
650 ## - SUBJECT ADDED ENTRY--TOPICAL TERM
Topical term or geographic name entry element ARCGIS
650 ## - SUBJECT ADDED ENTRY--TOPICAL TERM
Topical term or geographic name entry element SIG
650 ## - SUBJECT ADDED ENTRY--TOPICAL TERM
Topical term or geographic name entry element SISTEMAS DE INFORMACION GEOGRAFICA
942 ## - ADDED ENTRY ELEMENTS (KOHA)
Koha item type Libros
Existencias
Fecha de la última vez que lo usaron Pago total Signatura topográfica completa Código de barras Precio efectivo desde Tipo de documento Estado perdido Estado dañado No es para préstamo Retirado Ubicación permanente Ubicación actual Fecha de adquisición
15/05/2020   528.767/P23 Bib-Lima15050544 15/05/2020 Libros         Biblioteca Central Lima Biblioteca Central Lima 15/05/2020